000 00710nam a2200253 i 4500
001 15194
003 BD-RjUL
005 20211208235751.0
008 140209s1978 enk b 001 0 eng
020 _a0434915777
035 _a(BD-RjUL)15248
040 _aDLC
_cDLC
_dBD-RjUL
_beng
041 _aeng
082 0 0 _a658.009046
_bPOF 1978
100 1 _aPollard, Harold R.
_947269
245 1 0 _aFurther developments in management thought /
_cHarold R. Pollard.
260 _aLondon :
_bHeinemann,
_cc1978.
300 _axiv, 320 p. ;
_c22 cm.
504 _aInclude bibliography and index.
650 0 _aManagement
_xHistory.
_946192
942 _2ddc
_cBK
999 _c15194
_d15194